General Knowledge Pictures - Beginning C - Statistics

General Stats
  • This quiz has been taken 170 times
    150 since last reset
  • The average score is 17 of 28
Answer Stats
Picture Answer % Correct
Canada
99%
Calendar
93%
Cloud
93%
Calculator
92%
Caterpillar
89%
Choir
89%
Charlie Chaplin
88%
Croissant
85%
Cobra
84%
Chihuahua
83%
Chameleon
81%
Chandelier
81%
Clarinet
81%
Claw
78%
California
64%
Clog
64%
Chariot
61%
Cufflink
60%
Capitol
54%
Carbon
51%
Colander
37%
Cassowary
34%
Cathedral
29%
Crater
19%
Cygnet
17%
Cloister
15%
Caftan
11%
Chopin
9%
No matching quizzes found
Score Distribution
Percent of People with Each Score
Percentile by Number Answered
Your Score History
You have not taken this quiz since the last reset